000 00297nam a22001337a 4500
008 170927b xxu||||| |||| 00| 0 eng d
020 _a0841209332
041 _aeng
080 _a37
100 _a46
101 _aEDU
245 _aWRITING THE LABORATORY NOTEBOOK
_cKANARE,H,M
942 _2udc
_cBK
999 _c30132
_d30132